Issues in land use and transportation planning, models, and applications
Uloženo v:
| Korporativní autor: | |
|---|---|
| Médium: | Kniha |
| Jazyk: | angličtina |
| Vydáno: |
Washington, D.C
National Academy Press
1994
|
| Edice: | Transportation Research Record, 1466
|
| Témata: | |
| Tagy: |
Přidat tag
Žádné tagy, Buďte první, kdo vytvoří štítek k tomuto záznamu!
|
MARC
| LEADER | 00000nam a2200000 a 4500 | ||
|---|---|---|---|
| 001 | UCT8350 | ||
| 003 | CL-VaPUC | ||
| 008 | 970326e19940000US |||||||||||||||||eng|d | ||
| 082 | 0 | 4 | |a 629.049 |b TRA |2 21 |
| 110 | 2 | |a Transportation Research Board |e author |9 380040 | |
| 245 | 1 | 0 | |a Issues in land use and transportation planning, models, and applications |
| 300 | |a 131 p | ||
| 942 | |c BK | ||
| 945 | |d 19970326 00:00:00 |a nastorga | ||
| 260 | |a Washington, D.C |b National Academy Press |c 1994 | ||
| 650 | 7 | |a PLANIFICACION DEL TRANSPORTE |2 CL-VaPUC |9 380041 | |
| 650 | 0 | |a Medios de transporte |9 260938 | |
| 650 | 0 | |a Gestión de datos |9 353312 | |
| 583 | |a last modification |c 20170510 02:06:52 |k Rodrigo Vera | ||
| 490 | 0 | |a Transportation Research Record, 1466 | |
| 999 | |c 256859 |d 256857 | ||
| 952 | |0 0 |1 0 |4 0 |6 629_049000000000000_TRA_1994 |7 0 |8 A |9 279900 |a BIBING |b BIBING |d 2019-11-19 |i 3285847 |o 629.049 TRA 1994 |p 3285847 |r 2025-01-20 |w 2019-11-19 |y BK |k TRA | ||